[Event "POL-chT3 Podkarpackie"]
[Site "Czudec"]
[Date "2016.05.29"]
[Round "5.19"]
[White "Dubas, Leszek"]
[Black "Lewtak, Damian"]
[Result "0-1"]
[WhiteElo "2130"]
[BlackElo "2323"]
[PlyCount "40"]
[EventDate "2016.05.27"]
[EventType "team-tourn"]
[EventRounds "9"]
[EventCountry "POL"]
[SourceTitle "EXT 2018"]
[Source "ChessBase"]
[SourceDate "2017.10.13"]
[SourceVersion "1"]
[SourceVersionDate "2017.10.13"]
[SourceQuality "1"]
[WhiteTeam "Pilzno GKSz Hetman II"]
[BlackTeam "Czarna LKSz GCKiP"]
[WhiteTeamCountry "POL"]
[BlackTeamCountry "POL"]

1. g3 e5 2. Bg2 Nf6 3. d3 Nc6 4. Nf3 Be7 5. 0-0 d5 6. c3 Bf5 7. Nbd2 0-0 8. Qc2 e4 9. dxe4 Nxe4 10. Nxe4 Bxe4 11. Qb3 a6 12. a4 Na5 13. Qa2 c5 14. Bh3 d4 15. Nd2 Bd5 16. c4 Bc6 17. b3 Re8 18. Ba3 b6 19. Qc2 Bg5 20. Nf3 d3 0-1

[Event "POL-chT 2nd League"]
[Site "Lazy"]
[Date "2012.09.05"]
[Round "5"]
[White "Dubas, Leszek"]
[Black "Cajbel, Maciej"]
[Result "1/2-1/2"]
[WhiteElo "2164"]
[BlackElo "2237"]
[PlyCount "80"]
[EventDate "2012.09.01"]
[EventType "team-swiss"]
[EventRounds "9"]
[EventCountry "POL"]
[SourceTitle "EXT 2019"]
[Source "ChessBase"]
[SourceDate "2018.10.10"]
[SourceVersion "1"]
[SourceVersionDate "2018.10.10"]
[SourceQuality "1"]
[WhiteTeam "Pilzno GKSz Hetman"]
[BlackTeam "Wroclaw AZS Politechnika"]
[WhiteTeamCountry "POL"]
[BlackTeamCountry "POL"]

1. e4 c5 2. Nf3 Nc6 3. d4 cxd4 4. Nxd4 e6 5. f4 Qc7 6. Nc3 a6 7. Be3 b5 8. Qf3 Bb7 9. Bd3 Nf6 10. a4 b4 11. Nce2 Be7 12. 0-0 0-0 13. Qh3 Nxd4 14. Bxd4 Nxe4 15. f5 e5 16. f6 Bxf6 17. Be3 Qd8 18. Ng3 d5 19. Rad1 Bc8 20. Nf5 Qc7 21. Bxe4 dxe4 22. Qg4 Kh8 23. Qxe4 Rb8 24. Nd6 Be6 25. Rxf6 gxf6 26. Qh4 Qe7 27. Ne4 Rfd8 28. Rf1 Rg8 29. Nxf6 Rg7 30. Bh6 Rg6 31. Bg5 Qc5+ 32. Kh1 Rg7 33. Nh5 Qc4 34. Qf2 Rg6 35. Bf6+ Kg8 36. Bxe5 Rd8 37. Nf6+ Kf8 38. Nxh7+ Kg8 39. Nf6+ Kf8 40. Nh7+ Kg8 1/2-1/2

[Event "POL-chT 2nd League"]
[Site "Miedzyzdroje"]
[Date "2009.09.16"]
[Round "5"]
[White "Dubas, Leszek"]
[Black "Jedrzejewski, Kamil"]
[Result "1-0"]
[WhiteElo "2143"]
[BlackElo "2017"]
[PlyCount "155"]
[EventDate "2009.09.12"]
[EventType "team-swiss"]
[EventRounds "9"]
[EventCountry "POL"]
[SourceTitle "EXT 2019"]
[Source "ChessBase"]
[SourceDate "2018.10.10"]
[SourceVersion "1"]
[SourceVersionDate "2018.10.10"]
[SourceQuality "1"]
[WhiteTeam "Pilzno GKSz Hetman"]
[BlackTeam "Gniezno LKS Chrobry"]
[WhiteTeamCountry "POL"]
[BlackTeamCountry "POL"]

1. e4 c5 2. Nf3 d6 3. d4 cxd4 4. Nxd4 Nf6 5. Nc3 Nc6 6. Bg5 e5 7. Ndb5 a6 8. Bxf6 gxf6 9. Na3 b5 10. Nd5 f5 11. c3 Bg7 12. exf5 Bxf5 13. Nc2 0-0 14. Nce3 Bg6 15. a4 b4 16. Bc4 bxc3 17. bxc3 Kh8 18. g4 f5 19. gxf5 Bxf5 20. Nxf5 Rxf5 21. Ne3 Rf4 22. Ra2 e4 23. Rg1 Bxc3+ 24. Kf1 Bg7 25. Bd5 Qd7 26. Rc2 Qh3+ 27. Ng2 Nd4 28. Bxa8 Nxc2 29. Qxc2 Bd4 30. Bxe4 Rxf2+ 31. Qxf2 Bxf2 32. Kxf2 Qxh2 33. Rb1 Qe5 34. Rb8+ Kg7 35. Rb7+ Kf6 36. Bf3 h5 37. Ne3 Qh2+ 38. Kf1 Qg3 39. Ke2 Ke5 40. Rh7 h4 41. Bd5 Qg5 42. Bf3 Qd8 43. Rh5+ Kd4 44. Rxh4+ Kc3 45. Rc4+ Kb2 46. Kd3 a5 47. Rc3 d5 48. Bxd5 Qf6 49. Nc4+ Kb1 50. Nd2+ Ka1 51. Rc1+ Kb2 52. Rb1+ Ka3 53. Rb3+ Kxa4 54. Rb7 Qg6+ 55. Ne4 Qf5 56. Kc4 Qf1+ 57. Kc5 Qc1+ 58. Bc4 Qe3+ 59. Kd5 Qf3 60. Kd4 Qd1+ 61. Bd3 Qg1+ 62. Kc4 Qg8+ 63. Kc3 Qb3+ 64. Kd2 Qa2+ 65. Bc2+ Ka3 66. Rd7 Qe6 67. Rd6 Qe5 68. Rd3+ Kb4 69. Rb3+ Kc4 70. Rc3+ Kb4 71. Bd3 Qh2+ 72. Kc1 Qg1+ 73. Kc2 Qg2+ 74. Nd2 Qf2 75. Rc4+ Ka3 76. Be4 Qh2 77. Bc6 Qh7+ 78. Kc1 1-0

[Event "POL-chT 2nd League"]
[Site "Miedzyzdroje"]
[Date "2009.09.14"]
[Round "3"]
[White "Dubas, Leszek"]
[Black "Perdek, Miroslaw"]
[Result "1/2-1/2"]
[WhiteElo "2143"]
[BlackElo "2261"]
[PlyCount "60"]
[EventDate "2009.09.12"]
[EventType "team-swiss"]
[EventRounds "9"]
[EventCountry "POL"]
[SourceTitle "EXT 2019"]
[Source "ChessBase"]
[SourceDate "2018.10.10"]
[SourceVersion "1"]
[SourceVersionDate "2018.10.10"]
[SourceQuality "1"]
[WhiteTeam "Pilzno GKSz Hetman"]
[BlackTeam "Wroclaw KS Polonia"]
[WhiteTeamCountry "POL"]
[BlackTeamCountry "POL"]

1. e4 c5 2. Nf3 e6 3. d4 cxd4 4. Nxd4 Nc6 5. Nc3 a6 6. Be3 Nf6 7. g4 h6 8. Bg2 d6 9. h3 Ne5 10. Qe2 g5 11. 0-0 Be7 12. Rad1 Qc7 13. f4 gxf4 14. Bxf4 Nfd7 15. Bg3 b5 16. a4 bxa4 17. Nxa4 Bb7 18. b3 Rg8 19. Qf2 0-0-0 20. Nf3 Rdf8 21. c4 Nxf3+ 22. Bxf3 h5 23. c5 e5 24. cxd6 Bxd6 25. Rc1 Bc6 26. Rfd1 Kb7 27. gxh5 f5 28. exf5 e4 29. Rxd6 Qxd6 30. Bg4 Qd5 1/2-1/2

[Event "POL-chT 2nd League"]
[Site "Miedzyzdroje"]
[Date "2009.09.12"]
[Round "1"]
[White "Robak, Zbigniew"]
[Black "Dubas, Leszek"]
[Result "1-0"]
[WhiteElo "2279"]
[BlackElo "2143"]
[PlyCount "87"]
[EventDate "2009.09.12"]
[EventType "team-swiss"]
[EventRounds "9"]
[EventCountry "POL"]
[SourceTitle "EXT 2019"]
[Source "ChessBase"]
[SourceDate "2018.10.10"]
[SourceVersion "1"]
[SourceVersionDate "2018.10.10"]
[SourceQuality "1"]
[WhiteTeam "Znin Baszta"]
[BlackTeam "Pilzno GKSz Hetman"]
[WhiteTeamCountry "POL"]
[BlackTeamCountry "POL"]

1. e4 c5 2. Nf3 Nc6 3. d4 cxd4 4. Nxd4 e5 5. Nb5 d6 6. N1c3 a6 7. Na3 Be6 8. Nc4 Be7 9. a4 Nf6 10. Be3 0-0 11. Nb6 Rb8 12. Nbd5 Bxd5 13. exd5 Na5 14. Bd3 Qc7 15. 0-0 Nc4 16. Bxc4 Qxc4 17. a5 Ng4 18. Ba7 Ra8 19. Ra4 Qc8 20. Bb6 f5 21. f3 Nf6 22. Qe2 Qe8 23. Rb4 Qf7 24. Qc4 Rac8 25. Qb3 Rxc3 26. bxc3 Nxd5 27. Ra4 Rc8 28. c4 Nf4 29. Be3 Bg5 30. Bxf4 Bxf4 31. Rb4 Rc7 32. Qd3 h6 33. Rfb1 Kh7 34. g3 Bg5 35. Kg2 Qg6 36. Rxb7 e4 37. fxe4 fxe4 38. Qe2 Rc5 39. Re1 d5 40. Rb6 Qf5 41. Rf1 Qc8 42. Qh5 Rxc4 43. Qg6+ Kh8 44. Re6 1-0

[Event "POL-chT 2nd League"]
[Site "Wysowa"]
[Date "2007.09.04"]
[Round "2"]
[White "Krainski, Aleksander"]
[Black "Dubas, Leszek"]
[Result "1-0"]
[WhiteElo "2258"]
[BlackElo "2179"]
[PlyCount "71"]
[EventDate "2007.09.03"]
[EventType "team-swiss"]
[EventRounds "9"]
[EventCountry "POL"]
[SourceTitle "EXT 2010"]
[Source "ChessBase"]
[SourceDate "2010.11.25"]
[SourceVersion "1"]
[SourceVersionDate "2010.11.25"]
[SourceQuality "1"]
[WhiteTeam "Znin Baszta"]
[BlackTeam "Pilzno GKSz Hetman"]
[WhiteTeamCountry "POL"]
[BlackTeamCountry "POL"]

1. d4 g6 2. Nf3 Bg7 3. c4 Nf6 4. Nc3 d6 5. e4 0-0 6. Be2 e5 7. d5 Nbd7 8. 0-0 Kh8 9. Bg5 h6 10. Bh4 g5 11. Bg3 Nh5 12. h4 Nf4 13. hxg5 hxg5 14. Nh2 Nf6 15. f3 Ng8 16. Bf2 Nh6 17. Re1 f5 18. exf5 Bxf5 19. Bf1 Rg8 20. Kh1 Bf8 21. g3 Ng6 22. Bd3 Bd7 23. Qc2 Ne7 24. Ne4 Nef5 25. g4 Nh4 26. Bxh4 gxh4 27. Rg1 Nf7 28. Qf2 Bh6 29. g5 Rxg5 30. Nxg5 Bxg5 31. f4 Bxf4 32. Qf3 h3 33. Qe4 Qh4 34. Qg6 Qh6 35. Qxf7 Bxh2 36. Rg6 1-0

[Event "Golden Rook op"]
[Site "Chotowa"]
[Date "2003.05.13"]
[Round "8"]
[White "Dubas, Leszek"]
[Black "Kopacz, Grzegorz"]
[Result "1/2-1/2"]
[WhiteElo "2225"]
[BlackElo "2323"]
[PlyCount "75"]
[EventDate "2003.05.??"]
[EventType "swiss"]
[EventRounds "9"]
[EventCountry "POL"]
[SourceTitle "EXT 2005"]
[Source "ChessBase"]
[SourceDate "2004.11.15"]
[SourceVersion "1"]
[SourceVersionDate "2004.11.15"]
[SourceQuality "1"]

1. e4 c5 2. Nf3 g6 3. d4 Bg7 4. g3 cxd4 5. Nxd4 Nc6 6. Ne2 Nf6 7. Nbc3 b5 8. a3 Rb8 9. Bg2 0-0 10. 0-0 a5 11. h3 d6 12. Re1 e5 13. a4 b4 14. Nb5 Ba6 15. c4 bxc3 16. Nexc3 Nb4 17. Re2 Ne8 18. Be3 Nc7 19. Rd2 Bxb5 20. Rxd6 Qe8 21. Nxb5 Nxb5 22. axb5 Qxb5 23. Bf1 Qb7 24. Rxa5 Nc6 25. Rb5 Qa8 26. Rxb8 Rxb8 27. Qd5 Nd4 28. Bc4 Qxd5 29. Bxd5 h6 30. Rd7 Rxb2 31. Bxf7+ Kh7 32. Rd6 g5 33. Bg6+ Kg8 34. h4 Bf8 35. Rd8 Kg7 36. hxg5 hxg5 37. Bh5 Rb7 38. Re8 1/2-1/2

[Event "Golden Rook op"]
[Site "Chotowa"]
[Date "2003.05.10"]
[Round "5"]
[White "Grycel, Kamil"]
[Black "Dubas, Leszek"]
[Result "1-0"]
[WhiteElo "2280"]
[BlackElo "2225"]
[PlyCount "57"]
[EventDate "2003.05.??"]
[EventType "swiss"]
[EventRounds "9"]
[EventCountry "POL"]
[SourceTitle "EXT 2005"]
[Source "ChessBase"]
[SourceDate "2004.11.15"]
[SourceVersion "1"]
[SourceVersionDate "2004.11.15"]
[SourceQuality "1"]

1. d4 g6 2. g3 Bg7 3. Bg2 Nf6 4. c4 0-0 5. Nc3 d6 6. Nf3 Nc6 7. 0-0 a6 8. Re1 Rb8 9. Rb1 b5 10. cxb5 axb5 11. b4 Bd7 12. h3 Be8 13. d5 Na7 14. Nd4 Nd7 15. e3 c6 16. dxc6 Ne5 17. Qe2 Nexc6 18. Ncxb5 Bxd4 19. Nxd4 Rxb4 20. Rxb4 Nxb4 21. Bd2 Nbc6 22. Qa6 Nxd4 23. exd4 Nb5 24. Bh6 Nxd4 25. Qa7 e5 26. Bxf8 Kxf8 27. Rb1 Qf6 28. Rb8 Qe6 29. Qa8 1-0

[Event "POL-chT 2nd div South"]
[Site "Polanica Zdroj"]
[Date "1999.??.??"]
[Round "7"]
[White "Gawronski, Miroslaw"]
[Black "Dubas, Leszek"]
[Result "0-1"]
[WhiteElo "2191"]
[BlackElo "2220"]
[PlyCount "40"]
[EventDate "1999.09.17"]
[EventType "team-swiss"]
[EventRounds "10"]
[EventCountry "POL"]
[SourceTitle "EXT 2001"]
[Source "ChessBase"]
[SourceDate "2000.11.22"]
[SourceVersion "1"]
[SourceVersionDate "2000.11.22"]
[SourceQuality "1"]
[WhiteTeam "POL-chT 2nd div South 20"]
[BlackTeam "POL-chT 2nd div South 16"]
[WhiteTeamCountry "POL"]
[BlackTeamCountry "POL"]

1. d4 g6 2. g3 Bg7 3. Bg2 Nf6 4. e4 d6 5. c4 0-0 6. Nc3 Nc6 7. Nge2 a6 8. 0-0 e5 9. d5 Ne7 10. Rb1 Nh5 11. f3 f5 12. b4 Kh8 13. Bd2 Ng8 14. Qc2 Bh6 15. Be1 Be3+ 16. Kh1 Ngf6 17. Nd1 Bh6 18. h3 fxe4 19. fxe4 Bd7 20. Bf2 Rf7 0-1